UBT Library

Sickle cell disease / (Record no. 40907)

000 -LEADER
fixed length control field 00827cam a22002414a 4500
001 - CONTROL NUMBER
control field 12170022
005 - DATE AND TIME OF LATEST TRANSACTION
control field 20180125041653.0
008 - FIXED-LENGTH DATA ELEMENTS--GENERAL INFORMATION
fixed length control field 000911s2001 ctua j b 001 0 eng
010 ## - LIBRARY OF CONGRESS CONTROL NUMBER
LC control number 00047932
020 ## - INTERNATIONAL STANDARD BOOK NUMBER
International Standard Book Number 0761314598 (lib. bdg.)
040 ## - CATALOGING SOURCE
Original cataloging agency DLC
Transcribing agency DLC
Modifying agency DLC
041 ## - LANGUAGE CODE
Language code of text/sound track or separate title eng
042 ## - AUTHENTICATION CODE
Authentication code pcc
-- lcac
080 ## - UNIVERSAL DECIMAL CLASSIFICATION NUMBER
Universal Decimal Classification number 616.1527 jac
082 00 - DEWEY DECIMAL CLASSIFICATION NUMBER
Classification number 616.1527 jac
Edition number 21
100 1# - Rafti
Rafti 5
101 ## - Shkurtesa
Shkurtesa bio
245 10 - TITLE STATEMENT
Title Sickle cell disease /
Statement of responsibility, etc Jacqueline L. Harris.
504 ## - BIBLIOGRAPHY, ETC. NOTE
Bibliography, etc Includes bibliographical references (p. 91-92) and index.
906 ## - LOCAL DATA ELEMENT F, LDF (RLIN)
a 7
b cbc
c orignew
d 1
e ocip
f 20
g y-gencatlg
942 ## - ADDED ENTRY ELEMENTS (KOHA)
Source of classification or shelving scheme
Item type Books
Holdings
Withdrawn status Lost status Source of classification or shelving scheme Damaged status Not for loan Collection code Permanent location Current location Shelving location Date acquired Total Checkouts Full call number Barcode Date last seen Price effective from Koha item type
          Koleksioni i përgjithshem UBT - Lipjan UBT - Lipjan Koleksioni i përgjithshem 01/25/2018   616.1527 jac 002-2996532 01/25/2018 01/25/2018 Books
UBT Library © 2015-2024. All rights reserved University Education for Business and Technology